Statistics for First Lines of Harry Potter Characters- from the books

Click here to take the quiz!

General Stats

  • This quiz has been taken 26 times
  • The average score is 2 of 19

Answer Stats

HintAnswer% Correct
Dobby (B2CH2)Harry Potter!
63%
Hermione Granger (B1CH6)Has anyone seen a toad? Neville's lost one
32%
Voldemort (B1CH17)Use the boy
16%
Rubeus Hagrid (B1CH1)Borrowed it, Professor Dumbledore, sir
11%
Vernon Dursley (B1CH1)Little Tyke
11%
Harry Potter (B1CH2)Nearly
11%
Sirius Black (B3CH17)Expelliarmus!
5%
Minerva McGonagall (B1CH1)How did you know it was me?
5%
Draco Malfoy (B1CH5)Hullo, Hogwarts too?
5%
Ron Weasley (B1CH6)Mum, geroff
5%
Ginny Weasley (B1CH6)Nine and three-quarters
5%
Molly Weasley (B1CH6)Packed with Muggles, of course
5%
Severus Snape (B1CH8)Ah, yes, Harry Potter. Our new celebrity
0%
Albus Dumbledore (B1CH1)Fancy seeing you here, Professor McGonagall
0%
Neville Longbottom (B1CH6)Gran, I've lost my toad again
0%
Remus Lupin (B3CH5)Here. Eat it, it'll help
0%
Petunia Dursley (B1CH1)No, why?
0%
Dudley Dursley (B1CH2)Thirty-six, that's two less than last year
0%
Arthur Weasley (B2CH3)What a night
0%

Score Distribution

Percentile by Number Answered

Percent of People with Each Score

Your Score History

You have not taken this quiz